| 000 | 00696nam a2200241Ia 4500 | ||
|---|---|---|---|
| 005 | 20260430150409.0 | ||
| 008 | 008 250103s9999 xx 000 0 eng d | ||
| 037 | _aTheses | ||
| 040 | _aCRL | ||
| 040 | _beng | ||
| 040 | _ceng | ||
| 041 | _2eng | ||
| 041 | _aeng | ||
| 084 | _qCRL | ||
| 100 |
_aBansal Aniket Kumar Au.; Singh Laishram Rajendrakumar Gu. _91237375 |
||
| 245 | 0 | _aInvestigating the Effect of Osmolytes on Hela Cell Proliferation and Efficacy of Cisplatin | |
| 260 | _c2022 | ||
| 300 | _a90p. | ||
| 650 | _aMedicine | ||
| 700 |
_aUniversity of Delhi. Faculty of Medical Sciences. Deptt. of Biomedical Research _91237372 |
||
| 942 | _cTH | ||
| 999 |
_c1849683 _d1849683 |
||